ბათუმის შოთა რუსთაველის სახელმწიფო უნივერსიტეტის ბიბლიოთეკა

Нелинейные электрические цепи. (ბიბ.ჩანაწერი № 40459)

000 -LEADER
fixed length control field 00777nam a2200229Ia 4500
001 - CONTROL NUMBER
control field 7069
003 - CONTROL NUMBER IDENTIFIER
control field GE_BSU
008 - FIXED-LENGTH DATA ELEMENTS--GENERAL INFORMATION
fixed length control field 181216s||||||||xx |||||||||||||| ||und||
040 ## - CATALOGING SOURCE
Transcribing agency GE_BSU
080 ## - UNIVERSAL DECIMAL CLASSIFICATION NUMBER
Universal Decimal Classification number 621.3.011.72
100 ## - MAIN ENTRY--PERSONAL NAME
Personal name Бессонов,Л.А.
245 ## - TITLE STATEMENT
Title Нелинейные электрические цепи.
245 ## - TITLE STATEMENT
Remainder of title Учебное пособие.
245 ## - TITLE STATEMENT
Statement of responsibility, etc. Ред.Т.И.Артемова, Л.А.Туницына, В.М.Фотиев.
250 ## - EDITION STATEMENT
Edition statement Изд 2-ое, перераб. и дополн.
260 ## - PUBLICATION, DISTRIBUTION, ETC.
Place of publication, distribution, etc. Петрозаводск.
260 ## - PUBLICATION, DISTRIBUTION, ETC.
Name of publisher, distributor, etc. Высшая школа.
260 ## - PUBLICATION, DISTRIBUTION, ETC.
Date of publication, distribution, etc. 1964.
300 ## - PHYSICAL DESCRIPTION
Extent 430стр.22см.библиогр.:стр.417-421.
653 ## - INDEX TERM--UNCONTROLLED
Uncontrolled term Нелинейные электрические цепи.
942 ## - ADDED ENTRY ELEMENTS (KOHA)
Koha item type წიგნი
ეგზემპლარები
Withdrawn status Lost status Damaged status Not for loan Date acquired Barcode Date last seen Price effective from Koha item type
        2018-12-17 10788 2018-12-17 2018-12-17 წიგნი
        2018-12-17 10789 2018-12-17 2018-12-17 წიგნი
        2018-12-17 10790 2018-12-17 2018-12-17 წიგნი